Composition du sénat français après les élections de 2020 et de 2023 - Statistiques

Statistiques générales
  • Ce quiz a été pris 63 fois
  • Le résultat moyen est 15 sur 348
Réponses sur la Carte
Les réponses sont colorées sur une échelle allant du rouge au vert en fonction du pourcentage des utilisateurs qui les ont devinées à leur premier essai. Vous pouvez retrouver ces pourcentages ci-dessous.
 
Statistiques - réponses
Député.e % Correct
Anne Chain-Larché
63%
Yannick Jadot
44%
Bruno Retailleau
42%
Gérard Larcher
42%
Ian Brossat
42%
Patrick Kanner
37%
Fabien Gay
28%
Hervé Marseille
26%
Pascal Martin
26%
Pauline Martin
26%
Stéphane Ravier
26%
David Ros
23%
Laurence Rossignol
23%
Denise Saint-Pé
21%
François Patriat
21%
Jean-Marc Boyer
19%
Jean-Pierre Vogel
19%
Louis Vogel
19%
Mélanie Vogel
19%
Valérie Boyer
19%
Étienne Blanc
16%
Grégory Blanc
16%
Guillaume Gontard
16%
Jean-Baptiste Blanc
16%
Agnès Evren
14%
Daniel Laurent
14%
François-Noël Buffet
14%
Pierre Ouzoulias
14%
Cécile Cukierman
12%
Claude Malhuret
12%
Jean-Marc Vayssouze-Faure
12%
Jean-Yves Roux
12%
Laurence Garnier
12%
Maryse Carrère
12%
Monique de Marco
12%
Rémi Féraud
12%
Roger Karoutchi
12%
Alain Marc
9%
Antoine Lefèvre
9%
Antoinette Guhl
9%
Didier Marie
9%
Francis Szpiner
9%
Hervé Gillé
9%
Jean Bacci
9%
Jean-Michel Arnaud
9%
Joël Guerriau
9%
Mickaël Vallet
9%
Philippe Paul
9%
Philippe Tabarot
9%
Raymonde Poncet
9%
Sylvie Robert
9%
Alexandre Ouizille
7%
Anne Souyris
7%
Aymeric Durox
7%
Colombe Brossel
7%
Corinne Imbert
7%
Corinne Narassiguin
7%
Dominique Estrosi Sassone
7%
Éric Bocquet
7%
Françoise Gatel
7%
Gérard Lahellec
7%
Jean-Noël Guérini
7%
Jérémy Bacchi
7%
Karine Daniel
7%
Marie-Claude Varaillas
7%
Nathalie Delattre
7%
Pascale Gruny
7%
Patrick Chaize
7%
Pierre Barros
7%
Rachid Temal
7%
Sébastien Lecornu
7%
Sophie Primas
7%
Thomas Dossus
7%
Akli Mellouli
5%
Alain Cadec
5%
Alain Houpert
5%
Annie Le Houérou
5%
Béatrice Gosselin
5%
Bernard Jomier
5%
Christian Bilhac
5%
Claude Raynal
5%
Corinne Féret
5%
Dominique de Legge
5%
Else Joseph
5%
Florence Blatrix-Contat
5%
Françoise Dumont
5%
Ghislaine Senée
5%
Gilbert Bouchet
5%
Hélène Conway-Mouret
5%
Jean-Baptiste Lemoyne
5%
Jean-François Husson
5%
Jean-Jacques Michau
5%
Jean-Marie Vanlerenberghe
5%
Jean-Pierre Grand
5%
Joshua Hochart
5%
Laure Darcos
5%
Laurence Harribey
5%
Laurent Duplomb
5%
Loïc Hervé
5%
Marianne Margaté
5%
Marie-Arlette Carlotti
5%
Marie-Do Aeschlimann
5%
Marie-Pierre de La Gontrie
5%
Mathieu Darnaud
5%
Michelle Gréaume
5%
Pascal Allizard
5%
Patrice Joly
5%
Robert Xowie
5%
Ronan Dantec
5%
Serge Mérillou
5%
Sonia de la Provôté
5%
Thierry Meignen
5%
Vincent Capo-Canellas
5%
Vivette Lopez
5%
Xavier Iacovelli
5%
Adel Ziane
2%
Agnès Canayer
2%
Ahmed Laouedj
2%
Alain Cazabonne
2%
Alain Chatillon
2%
Alain Duffourg
2%
Albéric de Montgolfier
2%
Alexandra Borchio-Fontimp
2%
André Guiol
2%
Anne-Catherine Loisier
2%
Anne Ventalon
2%
Annick Jacquemet
2%
Bernard Buis
2%
Bernard Delcros
2%
Brigitte Micouleau
2%
Bruno Rojouan
2%
Cathy Apourceau-Poly
2%
Cédric Chevalier
2%
Céline Brulin
2%
Chantal Deseyne
2%
Christopher Szczurek
2%
Claude Nougein
2%
Clément Pernot
2%
Daniel Chasseing
2%
Daniel Guéret
2%
Daniel Salmon
2%
Denis Bouad
2%
Dominique Théophile
2%
Elsa Schalck
2%
Émilienne Poumirol
2%
Éric Jeansannetas
2%
Évelyne Corbière
2%
Évelyne Perrot
2%
Franck Montaugé
2%
François Bonneau
2%
Gisèle Jourda
2%
Guillaume Chevrollier
2%
Guy Benarroche
2%
Guylène Pantel
2%
Henri Cabanel
2%
Hervé Maurey
2%
Hussein Bourgi
2%
Isabelle Florennes
2%
Jacques Grosperrin
2%
Jean-Claude Anglars
2%
Jean-François Longeot
2%
Jean-François Rapin
2%
Jean-Jacques Lozach
2%
Jean-Jacques Panunzi
2%
Jean-Luc Fichet
2%
Jean-Pierre Corbisez
2%
Jean Sol
2%
Jocelyne Antoine
2%
Kristina Pluchet
2%
Laurent Burgoa
2%
Laurent Somon
2%
Marc Laménie
2%
Marie-Carole Ciuntu
2%
Marie-Claire Carrère-Gée
2%
Marie Mercier
2%
Marie-Pierre Monier
2%
Marie-Pierre Richer
2%
Michel Bonnus
2%
Michel Canévet
2%
Muriel Jourda
2%
Nadège Havet
2%
Nadia Sollogoub
2%
Nathalie Goulet
2%
Nicole Bonnefoy
2%
Olivia Richard
2%
Pascal Savoldelli
2%
Patricia Demas
2%
Patrick Boré
2%
Paul-Toussaint Parigi
2%
Philippe Bas
2%
Philippe Bonnecarrère
2%
Philippe Folliot
2%
Philippe Grosvalet
2%
Pierre-Antoine Lévi
2%
Pierre-Jean Verzelen
2%
Pierre Médevielle
2%
Raphaël Daubet
2%
Rémi Cardon
2%
Rémy Pointereau
2%
Sébastien Pla
2%
Silvana Silvani
2%
Simon Uzenat
2%
Stéphane Demilly
2%
Stéphane Le Rudulier
2%
Stéphane Piednoir
2%
Stéphane Sautarel
2%
Sylviane Noël
2%
Sylvie Goy-Chavent
2%
Thani Mohamed Soilihi
2%
Vanina Paoli-Gagin
2%
Alain Joyandet
0%
Alain Milon
0%
Amel Gacquerre
0%
André Reichardt
0%
Anne-Marie Nédélec
0%
Anne-Sophie Romagny
0%
Annick Billon
0%
Annick Girardin
0%
Annick Petrus
0%
Arnaud Bazin
0%
Audrey Bélim
0%
Audrey Linkenheld
0%
Bernard Fialaire
0%
Bernard Pillefer
0%
Bruno Belin
0%
Bruno Sido
0%
Catherine Belrhiti
0%
Catherine Conconne
0%
Catherine Di Folco
0%
Catherine Dumas
0%
Catherine Morin-Desailly
0%
Cédric Perrin
0%
Cédric Vial
0%
Christian Bruyen
0%
Christian Cambon
0%
Christian Klinger
0%
Christian Redon-Sarrazy
0%
Christine Bonfanti-Dossat
0%
Christine Herzog
0%
Christine Lavarde
0%
Christophe-André Frassa
0%
Christophe Chaillou
0%
Claude Kern
0%
Corinne Bourcier
0%
Cyril Pellevat
0%
Damien Michallet
0%
Daniel Fargeot
0%
Daniel Gremillet
0%
Dany Wattebled
0%
Didier Mandelli
0%
Didier Rambaud
0%
Dominique Vérien
0%
Édouard Courtial
0%
Élisabeth Doineau
0%
Emmanuel Capus
0%
Éric Gold
0%
Éric Kerrouche
0%
Évelyne Renaud-Garabedian
0%
Fabien Genet
0%
Florence Lassarde
0%
Franck Dhersin
0%
Franck Menonville
0%
François Bonhomme
0%
Frédéric Buval
0%
Frédérique Espagnac
0%
Frédérique Gerbaud
0%
Frédérique Puissat
0%
Georges Naturel
0%
Georges Patient
0%
Gilbert Favreau
0%
Gilbert-Luc Devinaz
0%
Guislain Cambier
0%
Henri Leroy
0%
Hervé Reynaud
0%
Hugues Saury
0%
Isabelle Briquet
0%
Jacqueline Eustache-Brinio
0%
Jacques Fernique
0%
Jean-Claude Tissot
0%
Jean-Gérard Paumier
0%
Jean Hingray
0%
Jean-Luc Brault
0%
Jean-Luc Ruelle
0%
Jean-Marie Mizzon
0%
Jean-Pierre Bansard
0%
Jean-Raymond Hugonet
0%
Jérôme Darras
0%
Jérôme Durain
0%
Jocelyne Guidez
0%
Khalifé Khalifé
0%
Lana Tetuanui
0%
Laurence Muller-Bronn
0%
Laurent Lafon
0%
Lauriane Josende
0%
Louis-Jean de Nicolaÿ
0%
Lucien Stanzione
0%
Ludovic Haye
0%
Marc-Philippe Daubresse
0%
Marie-Claude Lermytte
0%
Marie-Laure Phinéra-Horth
0%
Marion Canalès
0%
Marta de Cidrac
0%
Martine Berthet
0%
Martin Lévrier
0%
Mathilde Ollivier
0%
Max Brisson
0%
Michaël Weber
0%
Micheline Jacques
0%
Michel Laugier
0%
Michel Masset
0%
Michel Savin
0%
Mikaele Kulimoetoke
0%
Monique Lubin
0%
Nadine Bellurot
0%
Olivier Bitz
0%
Olivier Cadic
0%
Olivier Cigolotti
0%
Olivier Henno
0%
Olivier Jacquin
0%
Olivier Paccaud
0%
Olivier Rietmann
0%
Patricia Schillinger
0%
Patrick Chauvet
0%
Philippe Mouiller
0%
Pierre-Alain Roiron
0%
Pierre Cuypers
0%
Pierre-Jean Rochette
0%
Ronan Le Gleut
0%
Sabine Drexler
0%
Saïd Omar Oili
0%
Samantha Cazebonne
0%
Sébastien Fagnen
0%
Solanges Nadille
0%
Stéphane Fouassin
0%
Sylvie Valente-Le Hir
0%
Sylvie Vermeillet
0%
Teva Rohfritsch
0%
Thierry Cozic
0%
Véronique Guillotin
0%
Victorin Lurel
0%
Vincent Delahaye
0%
Vincent Éblé
0%
Vincent Louault
0%
Viviane Artigalas
0%
Viviane Malet
0%
Yan Chantrel
0%
Yves Bleunven
0%
Yves Bouloux
0%
Aucun quiz correspondant
Distribution des résultats
% des personnes avec chaque résultat
Percentile par nombre de réponses
Votre historique - résultats
Vous n’avez pas pris ce quiz